P1Harmony Alphabet Song - Statistics

General Stats
  • This quiz has been taken 65 times
  • The average score is 15 of 21
Answer Stats
Hint Answer % Correct
E Everybody clap / Emergency / End it / Ex
95%
S Street star / Sad song / Siren / Scared / Swagger / Secret sauce / Super chic / Stupid brain
95%
D Disharmony / Do it like this / Doom du doom / Different song for me / Duh / Dancing queen
93%
B Butterfly / Breakthrough / Bop / Before the dawn / Black hole / Back down / BFF / Better together
89%
F Follow me / Fall in love again / Flashy
89%
K Killin’ it
89%
L Late Night Calls / Love story / Let me love you / Last call / Look at me now / Love me for me
84%
W Welcome to / Wasp / Work
82%
J Jump
80%
I I see u / It’s alright / If you call me / I am you
77%
N Nemonade / New classic / Night of my life
77%
P Pyramid / Peacemaker / Pretty boy
77%
A All you / Ayaya
70%
M Mirror mirror / More than words / Murmur
64%
O One and only / Over and over
59%
T That’s it / That’s money
59%
C Countdown to love
52%
Y Yes man
52%
R Reset
41%
G Gotta get back
39%
H Heartbeat drum
39%
No matching quizzes found
Score Distribution
Percent of People with Each Score
Percentile by Number Answered
Your Score History
You have not taken this quiz